000 00288nam a22001337a 4500
008 170808b xxu||||| |||| 00| 0 eng d
020 _a9780071741200
041 _aeng
080 _23RD
_a004
100 _a34
101 _aSHKI
245 _aJAVASCRIPT
_cPOWELL, TH.A
942 _2udc
_cBK
999 _c22876
_d22876